000 00682nam a2200229Ia 4500
003 IN-BaIIA
008 211028s9999 xx 000 0 eng d
020 _a3-540-05514-2
040 _cIIA Library
245 0 _aAstronomy and Astrophysics abstracts
_bvol. 4, pt. 4
_cedited by S. Bohme… [et al.]
260 _aBerlin
_bSpringer-Verlag
_c1971
300 _ax, 562p.
650 _aAbstracts
_96966
650 _aAstronomy
_980
650 _aAstronomy and Astrophysics Thesaurus
650 _aAstrophysics
_9794
700 _aBohme, S., ed.
_96427
700 _aFricke, W., ed.
_96053
700 _aGuntzel-Lingner, U., ed.
_96054
700 _aHenn, F., ed.
_96055
942 _cBK
999 _c3915
_d3915